| 000 | 00489nam a2200205Ia 4500 | ||
|---|---|---|---|
| 003 | OSt | ||
| 005 | 20221005121541.0 | ||
| 006 | a|||||r|||| 00| 0 | ||
| 007 | ta | ||
| 008 | 221004b |||||||| |||| 00| 0 snd d | ||
| 024 | _a6940 | ||
| 037 | _cTextual | ||
| 040 |
_aCRL _cCRL _bsnd |
||
| 041 |
_2snd _asnd |
||
| 082 | _aV2.N18<--D, 1593K9 | ||
| 245 | 0 | _aHistory for STD IX | |
| 260 | _c1969 | ||
| 942 |
_hV2.N18<--D, 1593K9 _cTEXL _2cc |
||
| 999 |
_c1041514 _d1041514 |
||